Estatísticas para Pontos Turísticos Brasileiros - Com Imagens

Clique aqui para jogar o quiz

Estatísticas Gerais

  • Esse quiz foi jogado 95 vezes
  • A pontuação média é 11 de 30

Estatísticas das Respostas

Resposta% Correto
Cristo Redentor
100%
Lençóis Maranhenses
78%
Pão de Açúcar
78%
Jardim Botânico
67%
Rio Amazonas
59%
Gramado
58%
Foz do Iguaçu
55%
Elevador Lacerda
54%
Pelourinho
51%
Fernando de Noronha
49%
Cidade Histórica de Ouro Preto
46%
Parque Ibirapuera
41%
Beto Carrero World
37%
Capitólio
35%
Escadaria Selarón
35%
Praça do Marco Zero
31%
Catedral de Brasília
29%
Congresso Nacional
29%
Monte Roraima
20%
Teatro Amazonas
20%
Morro do Careca
19%
Museu Oscar Niemeyer
18%
Mercado Ver-o-Peso
17%
Museu de Arte Contemporânea de Niterói
17%
Museu de Artes Assis Chateaubriand
17%
Praça da Liberdade
8%
Gruta do Lago Azul
7%
Palácio Guanabara
7%
Parque Farroupilha
7%
Palácio dos Leões
2%

Distribuição das Pontuações

Percentil de Números Respondidos

Porcentagem de Pessoas com Cada Pontuação

Sua Pontuação Histórica

Você não jogou esse quiz